Normal view
MARC view
- اللقاني، عبد الرحمن علي
Entry Personal Name
001 - CONTROL NUMBER
- control field: 63400
003 - CONTROL NUMBER IDENTIFIER
- control field: JO-AjAnu
005 - DATE AND TIME OF LATEST TRANSACTION
- control field: 20230606084341.0
008 - FIXED-LENGTH DATA ELEMENTS
- fixed length control field: 230606|| aca||aabn | a|a d
040 ## - CATALOGING SOURCE
- Original cataloging agency: JO-AjAnu
- Transcribing agency: JO-AjAnu
100 ## - HEADING--PERSONAL NAME
- Personal name: اللقاني، عبد الرحمن علي
670 ## - SOURCE DATA FOUND
- Source citation: Work cat.: (JO-AjAnu)32325: اللقاني، عبد الرحمن علي, author, ادارة مخاطر الامن السيبراني المتكامل